000 00751nam a22001577a 4500
999 _c59544
_d59544
003 Ge_BSU
005 20230313121751.0
008 230313s2000 ge ||||| |||| 00| 0 geo d
041 _ageo
080 _a342(479.22) ს-32
245 _aსაქართველოს კონსტიტუცია :
_bმიღებულია 1995 წლის 24 აგვისტოს. ცვლილებები და დამატებები შესულია 1999 წლის 20 ივლისსა და 2000 წლის 20 აპრილს.
264 _aთბილისი,
_c2000.
300 _a44 გვ.;
_b21 სმ.
653 _aსაქართველოს კონსტიტუცია
942 _2udc
_cBK